|
|
|
|
| LEADER |
03006nam a2200325 a 4500 |
| 001 |
GR-MES14349 |
| 008 |
080418s2007 gr b 000 0 gre|c |
| 020 |
|
|
|a 9605160323
|
| 040 |
|
|
|a GrPaTEI
|b gre
|c GR-PaULI
|
| 082 |
|
0 |
|a 658.5
|2 21
|
| 100 |
1 |
|
|a Βλαχοπούλου, Μάρω.
|
| 245 |
1 |
0 |
|a Ολοκληρωμένα πληροφοριακά συστήματα διαχείρισης επιχειρηματικών πόρων :
|b διοικητική και τεχνολογική προσέγγιση /
|c Μ. Βλαχοπούλου, Β. Μάνθου, Δ. Φωλίνας.
|
| 260 |
|
|
|a Θεσσαλονίκη :
|b Ανικούλα,
|c 2007.
|
| 300 |
|
|
|a 414 σ. :
|b πίν. ;
|c 24 εκ.
|
| 504 |
|
|
|a Βιβλιογραφία: σ. 405-411.
|
| 505 |
0 |
|
|a Ολοκληρωμένα συστήματα διαχείρισης επιχειρηματικών πόρων - ERP, Συστήματα διαχείρισης εφοδιαστικής αλυσίδας - SCM, Πληροφοριακά συστήματα logistics - LIS, Συστήματα διαχείρισης πελατειακών σχέσεων - CRM, Συστήματα διαχείρισης σχέσεων με επιχειρηματικούς συνεργάτες - PRM, Ανασχεδιασμός επιχειρηματικών διαδικασιών - BPR, Επιχειρηματική ευφυϊα - BI.
|
| 650 |
|
4 |
|a Διοίκηση και οργάνωση παραγωγής.
|
| 650 |
|
4 |
|a Διοικητικά πληροφοριακά συστήματα.
|
| 650 |
|
4 |
|a Επιχειρηματικός σχεδιασμός.
|
| 700 |
1 |
|
|a Μάνθου, Βίκυ
|e συγγραφέας.
|
| 700 |
1 |
|
|a Φωλίνας, Δημήτρης Κ.
|e συγγραφέας.
|
| 942 |
|
|
|2 ddc
|
| 952 |
|
|
|0 0
|1 0
|2 ddc
|4 0
|6 658_500000000000000_ΒΛΑ
|7 0
|9 272436
|a MSLG
|b MSLG
|c EUD
|d 2021-01-17
|e 24
|f 1
|g 0.00
|i 28077
|l 0
|o 658.5 ΒΛΑ
|p 99242000028077
|r 2021-01-17 00:00:00
|t 2
|v 2021.00
|w 2021-01-17
|y BK15
|x 20080418 0 ΓΑΒΡΙΝΑ 1
|x GrPaTEI
|
| 952 |
|
|
|0 0
|1 0
|2 ddc
|4 0
|6 658_500000000000000_ΒΛΑ
|7 0
|9 272437
|a MSLG
|b MSLG
|c BSC
|d 2021-01-17
|e 24
|f 0
|g 0.00
|i 23003
|l 0
|o 658.5 ΒΛΑ
|p 2420000023003
|r 2021-01-17 00:00:00
|t 1
|w 2021-01-17
|y BK15
|x GrPaTEI
|
| 952 |
|
|
|0 0
|1 0
|2 ddc
|4 0
|6 658_500000000000000_ΒΛΑ
|7 0
|9 272438
|a MSLG
|b MSLG
|c EUD
|d 2021-01-17
|e 24
|f 0
|g 0.00
|i 28681
|l 0
|o 658.5 ΒΛΑ
|p 99242000028681
|r 2021-01-17 00:00:00
|t 3
|w 2021-01-17
|y BK15
|x GrPaTEI
|
| 952 |
|
|
|0 0
|1 0
|2 ddc
|4 0
|6 658_500000000000000_ΒΛΑ
|7 0
|9 272439
|a MSLG
|b MSLG
|c EUD
|d 2021-01-17
|e 24
|f 0
|g 0.00
|i 28682
|l 0
|o 658.5 ΒΛΑ
|p 99242000028682
|r 2021-01-17 00:00:00
|t 4
|w 2021-01-17
|y BK15
|x GrPaTEI
|
| 952 |
|
|
|0 0
|1 0
|2 ddc
|4 0
|6 658_500000000000000_ΒΛΑ
|7 0
|9 327078
|a LISK
|b LISK
|c BSC
|d 2021-07-20
|i 68645
|l 0
|o 658.5 ΒΛΑ
|p 99241000068645
|r 2021-07-20 00:00:00
|t 5
|w 2021-07-20
|y BK15
|
| 952 |
|
|
|0 0
|1 0
|2 ddc
|4 0
|6 658_500000000000000_ΒΛΑ
|7 0
|9 327079
|a LISK
|b LISK
|c BSC
|d 2021-07-20
|i 68646
|l 0
|o 658.5 ΒΛΑ
|p 99241000068646
|r 2021-07-20 00:00:00
|t 6
|w 2021-07-20
|y BK15
|
| 971 |
|
|
|a .b25803980
|b 16-04-20
|c 13-09-16
|
| 999 |
|
|
|c 157554
|d 157554
|